ইতিহাসের অন্তরালে ভারতবর্ষ / (Record no. 27804)

MARC details
000 -LEADER
fixed length control field 00633nam a22001817a 4500
003 - CONTROL NUMBER IDENTIFIER
control field BDDh-ASL
005 - DATE AND TIME OF LATEST TRANSACTION
control field 20231015030808.0
008 - FIXED-LENGTH DATA ELEMENTS--GENERAL INFORMATION
fixed length control field 211110s2007 b ||||| |||| 00| 0 b d
040 ## - CATALOGING SOURCE
Original cataloging agency BDDh-ASL
Transcribing agency BDDh-ASL
082 ## - DEWEY DECIMAL CLASSIFICATION NUMBER
Classification number 954
Item number KAI
100 1# - MAIN ENTRY--PERSONAL NAME
9 (RLIN) 1612
Personal name কামাল, শেখ মাসুম
245 10 - TITLE STATEMENT
Title ইতিহাসের অন্তরালে ভারতবর্ষ /
246 ## - VARYING FORM OF TITLE
Title proper/short title Itihasher Antarale Varatbarsha by Shaikh Masum Kamal.
260 ## - PUBLICATION, DISTRIBUTION, ETC.
Place of publication, distribution, etc. ঢাকা :
Name of publisher, distributor, etc. নবারগ প্রকাশনী,
Date of publication, distribution, etc. 2007.
300 ## - PHYSICAL DESCRIPTION
Extent 101 p. :
Dimensions 22 cm.
650 #0 - SUBJECT ADDED ENTRY--TOPICAL TERM
9 (RLIN) 3290
Topical term or geographic name entry element History of India
942 ## - ADDED ENTRY ELEMENTS (KOHA)
Source of classification or shelving scheme Dewey Decimal Classification
Koha item type Books
Holdings
Withdrawn status Lost status Source of classification or shelving scheme Damaged status Not for loan Collection code Home library Current library Shelving location Date acquired Source of acquisition Total Checkouts Full call number Barcode Date last seen Copy number Price effective from Koha item type
    Dewey Decimal Classification     Non-fiction Asiatic Society Library Asiatic Society Library General Stacks 11/10/2021 Complimentary   954 KAI 114008 11/10/2021 C-1 11/10/2021 Books

Powered by Koha